Finales de la UEFA Champions League - Estadísticas

Estadísticas generales
  • Esta prueba ha sido intentada 745 veces
  • La puntuación promedio es 90 de 120
Estadísticas de respuestas
Hint Campeón Subcampeón Sede % Correcto
Camp Nou, Barcelona
100%
1992 FC Barcelona Sampdoria Estadio de Wembley, Londres
100%
2006 FC Barcelona Arsenal Estadio de Francia, Saint-Denis
100%
2009 FC Barcelona Manchester United Stadio Olimpico, Roma
100%
2011 FC Barcelona Manchester United Estadio de Wembley, Londres
100%
2015 FC Barcelona Juventus Olympiastadion, Berlín
100%
Old Trafford, Manchester
100%
1956 Real Madrid Stade de Reims Parque de los Príncipes, París
100%
1957 Real Madrid Fiorentina Santiago Bernabéu, Madrid
100%
1958 Real Madrid AC Milan Estadio de Heysel, Bruselas
100%
1959 Real Madrid Stade de Reims Neckarstadion, Stuttgart
100%
1960 Real Madrid Eintracht Frankfurt Hampden Park, Glasgow
100%
1966 Real Madrid Partizán de Belgrado Estadio de Heysel, Bruselas
100%
1998 Real Madrid Juventus Ámsterdam Arena, Ámsterdam
100%
2000 Real Madrid Valencia Estadio de Francia, Saint-Denis
100%
2002 Real Madrid Bayer Leverkusen Hampden Park, Glasgow
100%
2014 Real Madrid Atlético de Madrid Estadio da Luz, Lisboa
100%
2016 Real Madrid Atlético de Madrid Estadio Guiseppe Meazza, Milán
100%
2017 Real Madrid Juventus Millennium Stadium, Cardiff
100%
2018 Real Madrid Liverpool Estadio Olímpico, Kiev
100%
2022 Real Madrid Liverpool Estadio de Francia, Saint-Denis
100%
1977 Liverpool Borussia Monchengladbach Estadio Olímpico, Roma
99%
1978 Liverpool Club Brujas Estadio de Wembley, Londres
99%
1981 Liverpool Real Madrid Parque de los Príncipes, París
99%
1984 Liverpool AS Roma Estadio Olímpico, Roma
99%
2005 Liverpool AC Milan Estadio Olímpico Atatürk, Estambul
99%
2019 Liverpool Tottenham Estadio Metropolitano, Madrid
99%
1963 AC Milan Benfica Estadio de Wembley, Londres
98%
1989 AC Milan Steaua de Bucarest Camp Nou, Barcelona
98%
1990 AC Milan Benfica Estadio Prater, Viena
98%
1994 AC Milan FC Barcelona Estadio Olímpico, Atenas
98%
2003 AC Milan Juventus Old Trafford, Manchester
98%
2007 AC Milan Liverpool Estadio Olímpico, Atenas
98%
1974 Bayern de Múnich Atlético de Madrid Estado de Heysel, Bruselas
98%
1975 Bayern de Múnich Leeds United Parque de los Príncipes, París
98%
1976 Bayern de Múnich Saint-Etienne Hampden Park, Glasgow
98%
2001 Bayern de Múnich Valencia Estadio Guiseppe Meazza, Milán
98%
2013 Bayern de Múnich Borussia Dortmund Estadio de Wembley, Londres
98%
2020 Bayern de Múnich PSG Estadio da Luz, Lisboa
98%
1964 Inter de Milán Real Madrid Estadio Prater, Viena
98%
1965 Inter de Milán Benfica Estadio Guiseppe Meazza, Milán
98%
2010 Inter de Milán Bayern de Múnich Santiago Bernabéu, Madrid
98%
Estadio Guiseppe Meazza, Milán
97%
2023 Manchester City Inter de Milán Estadio Olímpico Atatürk, Estambul
97%
1985 Juventus Liverpool Estadio de Heysel, Bruselas
96%
1996 Juventus Ajax Estadio Olímpico, Roma
96%
Atlético de Madrid
95%
2012 Chelsea Bayern de Múnich Allianz Arena, Múnich
95%
2021 Chelsea Manchester City Estadio do Dragao, Oporto
95%
1997 Borussia Dortmund Juventus Olympiastadion, Múnich
93%
1968 Manchester United Benfica Estadio de Wembley, Londres
93%
1999 Manchester United Bayern de Múnich Camp Nou, Barcelona
93%
2008 Manchester United Chelsea Estadio Olímpico Luzhniki, Moscú
93%
PSG
93%
Estadio do Dragao, Oporto
92%
Santiago Bernabéu, Madrid
88%
Estadio Metropolitano, Madrid
86%
Tottenham
86%
Valencia
86%
1961 Benfica FC Barcelona Estadio Wankdorf, Berna
85%
1962 Benfica Real Madrid Estadio Olímpico, Ámsterdam
85%
1971 Ajax Panathinaikos Estadio de Wembley, Londres
84%
1972 Ajax Inter de Milán De Kuip, Róterdam
84%
1973 Ajax Juventus Estadio Estrella Roja, Belgrado
84%
1995 Ajax AC Milan Estadio Ernst Happel, Viena
84%
Arsenal
83%
1987 FC Porto Bayern de Múnich Estadio Prater, Viena
83%
2004 FC Porto AS Mónaco AufSchalke Arena, Gelsenkirchen
83%
1969 AC Milan Ajax Santiago Bernabéu, Madrid
79%
1993 Olympique de Marsella AC Milan Olympiastadion, Múnich
79%
Estadio de Wembley, Londres
77%
Estadio Olímpico, Roma
77%
1979 Nottingham Forest Malmö FF Olympiastadion, Múnich
77%
1980 Nottingham Forest Hamburgo SV Santiago Bernabéu, Madrid
77%
Parque de los Príncipes, París
76%
AS Roma
75%
1982 Aston Villa Bayern de Múnich De Kuip, Róterdam
74%
Estadio Estrella Roja, Belgrado
73%
1988 PSV Eindhoven Benfica Neckarstadion, Stuttgart
72%
Estadio da Luz, Lisboa
70%
1991 Estrella Roja Olympique de Marsella Estadio San Nicola, Bari
70%
Bayer Leverkusen
69%
Estadio Nacional, Lisboa
68%
1967 Celtic Inter de Milán Estadio Nacional, Lisboa
66%
Allianz Arena, Múnich
63%
1970 Feyenoord Celtic Estadio Guiseppe Meazza, Milán
63%
1986 Steaua de Bucarest FC Barcelona Estadio Ramón Sánchez Pizjuán, Sevilla
63%
AS Mónaco
62%
Olympiastadion, Berlín
62%
1983 Hamburgo SV Juventus Estadio Olímpico, Atenas
60%
Olympiastadion, Múnich
60%
Estadio Olímpico, Kiev
57%
Millennium Stadium, Cardiff
53%
Estadio Olímpico Atatürk, Estambul
52%
Estadio Olímpico Luzhniki, Moscú
50%
Estadio Olímpico, Ámsterdam
46%
Estadio Ramón Sánchez Pizjuán, Sevilla
46%
Ámsterdam Arena, Ámsterdam
44%
Fiorentina
42%
Sampdoria
42%
Estadio Olímpico, Atenas
37%
Hampden Park, Glasgow
37%
Stade de Reims
37%
Eintracht Frankfurt
35%
Estadio de Heysel, Bruselas
30%
Estadio Ernst Happel, Viena
25%
Estadio Prater, Viena
25%
Estadio Wankdorf, Berna
25%
Club Brujas
21%
Estadio de Francia, Saint-Denis
21%
Leeds United
21%
Malmö FF
21%
Borussia Monchengladbach
20%
Partizán de Belgrado
20%
Panathinaikos
16%
De Kuip, Róterdam
15%
Saint-Etienne
11%
Neckarstadion, Stuttgart
8%
AufSchalke Arena, Gelsenkirchen
6%
Estadio San Nicola, Bari
6%
No se encontraron pruebas coincidentes
Distribución de puntuación
Porcentaje de gente con cada puntuación
Porcentaje por número respondido
Historial de tus puntuaciones
No has intentado esta prueba.